A kiadó jegyzete

Elmentve itt :
Bibliográfiai részletek
Dokumentumtípus: Könyv része
Megjelent: 1980
Sorozat:Adattár XVI-XVIII. századi szellemi mozgalmaink történetéhez 6
Kulcsszavak:Művelődéstörténet - magyar - 18. sz.
Online Access:http://misc.bibl.u-szeged.hu/29787
LEADER 00575naa a2200169 i 4500
001 misc29787
005 20200430142032.0
008 180215s1980 hu o 0|| zxx d
020 |a 963-481-188-4 
040 |a SZTE Miscellanea Repozitórium  |b hun 
041 |a zxx 
245 0 2 |a A kiadó jegyzete  |h [elektronikus dokumentum] 
260 |c 1980 
300 |a 465-467 
490 0 |a Adattár XVI-XVIII. századi szellemi mozgalmaink történetéhez  |v 6 
695 |a Művelődéstörténet - magyar - 18. sz. 
856 4 0 |u http://misc.bibl.u-szeged.hu/29787/1/ad_006_505-507.pdf  |z Dokumentum-elérés